| 000 | 02042cam a22005414i 4500 | ||
|---|---|---|---|
| 003 | PE-LiUPU | ||
| 005 | 20250731170417.0 | ||
| 008 | 150623s r 000 0 d | ||
| 035 | _a(Sirsi) a23394 | ||
| 040 |
_aPE-LiUPU _bspa _cPE-LiUPU _erda |
||
| 082 | 0 | 4 |
_a129.7 _bS63 _221 |
| 100 | 1 |
_aSobrevilla Alcázar, David, _d1938-, _eautor. |
|
| 245 | 1 | 0 |
_aRepensando la tradición de nuestra América : _bestudios sobre la filosofía en América Latina. |
| 264 | 1 |
_aLima : _bBanco Central de Reserva del Perú Fondo, Editorial, _c1999. |
|
| 300 |
_a266 páginas ; _c24 cm. |
||
| 336 |
_atext _2rdacontent |
||
| 337 |
_aunmediated _2rdamedia |
||
| 338 |
_avolume _2rdacarrier |
||
| 504 | _aIncluye bibliografía. | ||
| 505 | 0 | _aPensamiento filosofico o pensamiento mitico precolombino?. -Las filosofias heterogeneas. -El inicio de la estetica filosofica en el Perú. -El surgimiento d ela idea de Nuestra América en los ensayistas latinoamericanos decimonónicos. -Francisco Bilbao y el Perú. -Fenomenología y existencialismo en nuestra América. -Teorias sobre la Razón y la irracionalidad. -Las criticas de leopoldo Zea a Augusto Salazar Bondy. | |
| 526 | _aSEG68 | ||
| 526 | _aSEG70 | ||
| 526 | _aSEG69 | ||
| 526 | _aSEG67 | ||
| 526 | _aSEG43 | ||
| 526 | _aP144 | ||
| 526 | _aP143 | ||
| 526 | _aP131 | ||
| 526 | _aP122 | ||
| 526 | _aP120 | ||
| 526 | _aP117 | ||
| 526 | _aP112 | ||
| 526 | _aP110 | ||
| 526 | _aP106 | ||
| 526 | _aP101 | ||
| 526 | _aP80 | ||
| 526 | _aP59 | ||
| 526 | _aP54 | ||
| 526 | _aP35 | ||
| 526 | _aP33 | ||
| 526 | _aP30 | ||
| 650 | 0 | 4 | _aFilosofía latinoamericana. |
| 942 |
_2ddc _cBOOK |
||
| 949 |
_a129.7 S63 _wDEWEY _c1 _i47537 _lCCODEBUL1 _mBUL _p00.00 _r0 _sY _tBOOK _u2015-06-24 _xEDUCACION _zUNKNOWN _0COMPRA _o.STAFF. Colección General |
||
| 596 | _a1 | ||
| 999 |
_a129.7 S63 _wDEWEY _c24065 _i47537 _f2021-11-4 _g5 _lCCODEBUL1 _mBUL _r0 _sY _tBOOK _u2015-6-24 _xBIBLIOTECA _zUNKNOWN _0COMPRA _o.STAFF. Colección General _d24065 |
||
| 980 |
_81 _gALBERTO SANCHEZ Responsable de Automatización |
||